ბათუმის შოთა რუსთაველის სახელმწიფო უნივერსიტეტის ბიბლიოთეკა

სოციალური ჰიგიენა და ჯანმრთელობის დაცვის ორგანიზაცია : (ბიბ.ჩანაწერი № 61970)

000 -ლიდერი
ფიქსირებული სიგრძის საკონტროლო ველი 01033nam a22002057a 4500
003 - საკონტროლო ნომრის იდენტიფიკატორი
საკონტროლო ველი Ge_BSU
005 - ბოლო ოპერაციის თარიღი და დრო
საკონტროლო ველი 20240618105345.0
008 - ფიქსირებული სიგრძის მონაცემთა ელემენტები - ზოგადი ინფორმაცია
ფიქსირებული სიგრძის საკონტროლო ველი 240618s1967 ge ||||| |||| 00| 0 geo d
041 ## - ენის კოდი
Language code of text/sound track or separate title geo
080 ## - უნივერსალური ათობითი კლასიფიკაციის ინდექსი
Universal Decimal Classification number 614.2(075.8) ა-87
100 ## - მთავარი ჩანაწერი - პიროვნების სახელი
Personal name ასათიანი, ანთეოზ
9 (RLIN) 22465
245 ## - ცნობა სათაურის შესახებ
Title სოციალური ჰიგიენა და ჯანმრთელობის დაცვის ორგანიზაცია :
Remainder of title [სახელმძღვ. სამედ. ინ-ტის სტუდ.] /
Statement of responsibility, etc ანთეოზ ასათიანი.
250 ## - გამოცემის ცნობა
Edition statement მე-3 გადამუშ. გამოცემა
264 ## - წარმოების, გამოცემის, დისტრიბუციის და სხვა ცნობები
გამოცემის, წარმოების, დისტრიბუციის... ადგილი თბილისი :
გამოცემის, წარმოების, დისტრიბუციის... სახელწოდება განათლება,
გამოცემის, წარმოების, დისტრიბუციის... თარიღი 1967.
300 ## - ფიზიკური აღწერა
Extent 372 გვ. :
Other physical details ილ. და ცხრილ. ;
Dimensions 22 სმ
653 ## - INDEX TERM--UNCONTROLLED
Uncontrolled term სოციალური ჰიგიენა
653 ## - INDEX TERM--UNCONTROLLED
Uncontrolled term ორგანიზაცია
700 ## - ADDED ENTRY--PERSONAL NAME
Personal name სულაძე, მ.
Relator term რედაქტორი
9 (RLIN) 3155
942 ## - ADDED ENTRY ELEMENTS (KOHA)
Source of classification or shelving scheme
Koha item type წიგნი
ეგზემპლარები
ჩამოწერის სტატუსი დაკარგული ეგზემპლარის სტატუსი კლასიფიკაციის წყარო ან თაროზე გაწყობის სქემა დაზიანების სტატუსი არ გაიცემა მუდმივი მდებარეობა (დაცვის ადგილი) ამჟამინდელი ადგილსამყოფელი თაროზე განთავსების ადგილი შეძენის თარიღი ღირებულება, შესყიდვის ნორმალური ფასი სრული შენახვის შიფრი შტრიხკოდი ბოლო ოპერაციის თარიღი ეგზემპლარის მიმდევრობითი ნომერი (კეტერი?) ფასის ძალაში შესვლის თარიღი ეგზემპლარის სახეობა საჯარო შენიშვნა
          ბათუმის შოთა რუსთაველის სახელმწიფო უნივერსიტეტის მთავარი ბიბლიოთეკა ბათუმის შოთა რუსთაველის სახელმწიფო უნივერსიტეტის მთავარი ბიბლიოთეკა წიგნსაცავი 2024-06-18 2.32 614.2(075.8) ა-87 68221 2024-06-18 68221 2024-06-18 წიგნი 2 ლ. 32 თ.